Marte, Baco, Venus y Terpsicore (Registro nro. 151780)
[ vista simple ]
| 000 -LEADER | |
|---|---|
| campo de control de longitud fija | 00938nam a2200193 i 4500 |
| 001 - NÚMERO DE CONTROL | |
| campo de control | 151780 |
| 003 - IDENTIFICADOR DE NÚMERO DE CONTROL | |
| campo de control | ES-MaACL |
| 005 - FECHA Y HORA DE LA ÚLTIMA TRANSACCIÓN | |
| campo de control | 20230906204358.0 |
| 008 - DATOS DE LONGITUD FIJA--INFORMACIÓN GENERAL | |
| campo de control de longitud fija | 931025s1879 sp |||| | spa d |
| 100 1# - ENTRADA PRINCIPAL--NOMBRE DE PERSONA | |
| Nombre de persona | Bedmar, Enrique G. |
| 9 (RLIN) | 125886 |
| 245 10 - MENCIÓN DEL TÍTULO | |
| Título | Marte, Baco, Venus y Terpsicore |
| Resto del título | : comedia en dos actos y en verso / |
| Mención de responsabilidad, etc. | original de Enrique G. Bedmar. |
| 260 ## - PUBLICACIÓN, DISTRIBUCIÓN, ETC. | |
| Lugar de publicación, distribución, etc. | Madrid : |
| Nombre del editor, distribuidor, etc. | [Hijos de A. Gullon, Editores], |
| Fecha de publicación, distribución, etc. | 1879 ( |
| Fabricante | Imprenta de José Rodriguez) |
| 300 ## - DESCRIPCIÓN FÍSICA | |
| Extensión | 64 p. ; |
| Dimensiones | 23 cm. |
| 490 1# - MENCIÓN DE SERIE | |
| Mención de serie | El Teatro: Colección de obras dramáticas |
| 594 ## - Nota al título y mención de responsabilidad | |
| Nota al título y mención de responsabilidad | En port.: Estrenada ...en el Teatro Eslava, el día 18 de abril de 1879. |
| 830 0# - PUNTO DE ACCESO ADICIONAL DE SERIE-TÍTULO UNIFORME | |
| Título uniforme | El Teatro: Colección de obras dramáticas |
| 9 (RLIN) | 187705 |
| 852 ## - LOCALIZACIÓN | |
| Ubicación | ES-MaACL |
| Número de control de estantería | F-8593(4) |
| Nota libre | -- Enc. pasta española |
| -- | -- Enc. en un vol. facticio |
| condición física | .- Falto de la cub. original |
| Nota libre | .- Enc. en un fol. facticio formando parte de la col. facticia "Teatro español moderno", vol. 46 |
| Estatus retirado | Estado de pérdida | Estado de daño | No para préstamo | Colección | Biblioteca de origen | Biblioteca actual | Ubicación en estantería | Fecha de adquisición | Total de préstamos | Signatura topográfica completa | Código de barras | Visto por última vez | Precio de reemplazo | Tipo de ítem Koha |
|---|---|---|---|---|---|---|---|---|---|---|---|---|---|---|
| Libros del s. XIX | Biblioteca del Ateneo de Madrid | Biblioteca del Ateneo de Madrid | Sala Pecera Planta 2 | 17/01/2008 | F-8593(4) | 1158409 | 23/02/2023 | 23/02/2023 | Libro impreso antiguo |
